The heart of the dragon

Bibliographic Details
Main Author: Clayre, Alasdair
Format: Book
Published: Massachusetts : Houghton Mifflin , 1984
Subjects:

MARC

LEADER 00000cam a2200000 7i4500
001 0000000148
002 000000205
005 20000330.0
020 |a 039535336X 
090 0 0 |a 951.05   |b CLA 
100 0 |a Clayre, Alasdair 
245 1 4 |a The heart of the dragon   |c Alasdair Clayre 
260 |a Massachusetts :   |b Houghton Mifflin ,   |c 1984 
300 |a 281p :   |b ill. ;   |c 28cm. 
651 0 |a China   |x Social life and customs 
999 |a 0002522   |b BUKU   |c RUJUKAN   |e PERPUSTAKAAN KOMUNITI PETALING JAYA 
999 |a 027892   |b BUKU   |c PINJAMAN   |e PERPUSTAKAAN KOMUNITI PETALING JAYA